La socialdemocracia ha muerto, viva la socialdemocracia: tabla de contenidos, número 297
Gardado en:
| Formato: | Libro |
|---|---|
| Idioma: | Spanish |
| Etiquetas: |
Engadir etiqueta
Sen Etiquetas, Sexa o primeiro en etiquetar este rexistro!
|
MARC
| LEADER | 00000nam a22000007a 4500 | ||
|---|---|---|---|
| 003 | cru IIS | ||
| 005 | 20220517162304.0 | ||
| 007 | ta | ||
| 008 | 220517s2022 ag |||p|r|||| 00| 0 spa d | ||
| 040 | |c cru IIS | ||
| 245 | 3 | |a La socialdemocracia ha muerto, viva la socialdemocracia: |b tabla de contenidos, número 297 | |
| 505 | |a Contenido: 1.Nicaragua: ¿del mecenazgo bolivariano a las sombras chinescas? /José Luis Rocha. -- 2.El regreso de Lula a un Brasil de rodillas / Giancarlo Summa. -- 3.¿Cómo escapó China a la terapia de choque? / Jake Werner. -- 4.Replantear las políticas de bienestar: dilemas y tensiones entre igualdad y diversidad / Joan Subirats. -- 5.La izquierda en busca de sentido: reflexiones desde la experiencia francesa / Roger Martelli. -- 6.Las paradojas de las socialdemocracias nórdicas / Göran Therborn. -- 7.La socialdemocracia se juega en la batalla contra el miedo / Cristina Monge. -- 8.Socialistas, otra vez / Mariano Schuster . -- 9.Tejer ciudadanía social en el siglo XXI : nuevos pactos sociales, ecológicos y de género / Ricard Gomà, Gemma Ubasart. -- 10.El «retorno» de la socialdemocracia alemana / Christian Krell. -- 11.¿Nuevos encuentros entre democracia y transformación? / Rodrigo Arocena. -- 12.¿Por qué no hay socialismo en América Latina?: una vieja pregunta y algunas respuestas desde Argentina / Ricardo Martínez Mazzola. -- 13.Lo que nos enseña la socialdemocracia danesa: entrevista a Pelle Dragsted /Joe Bilsborough. -- 14.¿Qué hacemos con los autores «incómodos»?: entrevista a Gisèle Sapiro /Violeta Garrido | ||
| 773 | 0 | |0 19022 |9 7040 |a Fundación Friedrich Ebert |d Fundación Friedrich Ebert; Nueva Sociedad Buenos Aires, Argentina |o 22551 |t Nueva Sociedad / | |
| 942 | |2 ddc |c PP | ||
| 999 | |c 44246 |d 44246 | ||
